| 000 | 00530nam a2200181 a 4500 | ||
|---|---|---|---|
| 999 |
_c3427 _d3427 |
||
| 008 | 250331t2024 xxkdo|||||||||||| ||und|| | ||
| 020 |
_a9781915488015 _c£ 130.00 |
||
| 040 | _aKO | ||
| 082 | 0 | 4 |
_a623.888 _bJ7101 _223 |
| 100 | 1 | _aJones, Steven | |
| 245 | 1 | 0 |
_aMaritime security: a practical guide for mariners / _cSteven Jones |
| 260 |
_aLondon : _bThe Nautical Institute, _c2024 |
||
| 300 |
_ax, 222 p. _b : _c; 24 cm. |
||
| 650 | 0 |
_aMerchant marine _xSecurity measures |
|
| 904 | _aA_BOSE | ||
| 942 |
_cBK _2ddc |
||